| 000 | 00751nam a22002297a 4500 | ||
|---|---|---|---|
| 999 |
_c14170 _d14170 |
||
| 003 | AR-CdUCM | ||
| 008 | 190422b ||||| |||| 00| 0 spa d | ||
| 020 | _a978-607-21-0247-7 | ||
| 040 |
_aMUNICIPALIDAD PROVINCIAL DEL CUSCO _cBIBLIOTECA MUNICIPAL DEL CUSCO |
||
| 082 |
_aPI / 376.1 / _bP61 |
||
| 110 |
_aEdiciones Larousse. _932843 |
||
| 245 | _aLos piratas / | ||
| 260 |
_aMéxico : _bEdiciones Larousse, _c2005. |
||
| 300 |
_a32 páginas ; _bilustraciones, _c18.5 cm. |
||
| 440 |
_aMi pequeña enciclopedia. _932844 |
||
| 650 |
_aLiteratura infantil _9588 |
||
| 650 |
_aCuentos infantiles _93927 |
||
| 650 |
_aEducación infantil _912296 |
||
| 700 |
_aDelafon, Marie (ilustración) _932845 |
||
| 942 |
_2ddc _cLIBROS |
||
| 945 |
_aachl _d2019-04-22 |
||